| 000 | 00538nam a2200181Ia 4500 | ||
|---|---|---|---|
| 999 |
_c34995 _d34995 |
||
| 003 | OSt | ||
| 005 | 20231211115755.0 | ||
| 008 | 190216s9999||||xx |||||||||||||| ||und|| | ||
| 020 | _a9788126418312 | ||
| 040 | _coclc | ||
| 082 |
_a320.95483 _bSRE/K |
||
| 100 | 1 |
_aSreedhara Menon, A. _910096 |
|
| 245 | 0 |
_aKerala Rashtreeyacharithram 1885-1957 / _cA Sreedharamenon |
|
| 260 |
_bD C Books Kerala, _c2015. _aKottayam: |
||
| 300 | _a98p | ||
| 650 | _aPolitics | ||
| 942 |
_cBK _2ddc _h320.95483 _iSRE/K _k320.95483 _mSRE/K |
||